000 00723nam a2200217Ia 4500
001 5045
003 GE_BSU
008 181216s||||||||xx |||||||||||||| ||und||
040 _cGE_BSU
080 _a621.396
100 _aРоткевич,В. Роткевич,П.
245 _aТехника измерении при радиоприеме.
245 _cПод общей ред. И.А.Кнеллера.
250 _aПеревод В.Б.Мороня и И.А.Кнеллера.
260 _aМ.
260 _bСвязь.
260 _c1969.
300 _a496 стр. с илл. 22 см. Библиогр.: стр. 491.
653 _aТехника измерении при радиоприеме.
942 _cBK
999 _c38730
_d38730